Eastern Utah Libraries Catalog: Duchesne, Heber, Roosevelt, & Vernal

The Fran that time forgot / (Record no. 276136)

MARC details
000 -LEADER
fixed length control field 02058nam a2200505Ma 4500
001 - CONTROL NUMBER
control field ocn663953313
003 - CONTROL NUMBER IDENTIFIER
control field OCoLC
005 - DATE AND TIME OF LATEST TRANSACTION
control field 20200320185429.0
008 - FIXED-LENGTH DATA ELEMENTS--GENERAL INFORMATION
fixed length control field 110210r20112005nyua j 000 1 eng d
020 ## - INTERNATIONAL STANDARD BOOK NUMBER
International Standard Book Number 9781599618203 (lib. bdg.)
020 ## - INTERNATIONAL STANDARD BOOK NUMBER
International Standard Book Number 1599618206 (lib. bdg.)
035 ## - SYSTEM CONTROL NUMBER
System control number (OCoLC)663953313
040 ## - CATALOGING SOURCE
Original cataloging agency BTCTA
Transcribing agency BTCTA
Modifying agency WZ8
-- WACOL
049 ## - LOCAL HOLDINGS (OCLC)
Holding library WACL
050 14 - LIBRARY OF CONGRESS CALL NUMBER
Classification number PZ7.B447547
Item number Fr 2011
082 04 - DEWEY DECIMAL CLASSIFICATION NUMBER
Classification number [Fic]
Edition number 22
082 14 - DEWEY DECIMAL CLASSIFICATION NUMBER
Classification number [Fic]
Edition number 14
092 ## - LOCALLY ASSIGNED DEWEY CALL NUMBER (OCLC)
Classification number junior
Item number Ben
100 1# - MAIN ENTRY--PERSONAL NAME
Personal name Benton, Jim.
9 (RLIN) 39094
245 14 - TITLE STATEMENT
Title The Fran that time forgot /
Statement of responsibility, etc Jim Benton.
250 ## - EDITION STATEMENT
Edition statement Reinforced library bound ed.
260 ## - PUBLICATION, DISTRIBUTION, ETC. (IMPRINT)
Place of publication, distribution, etc New York :
Name of publisher, distributor, etc Simon & Schuster Books for Young Readers ;
Place of publication, distribution, etc Edina, Minn. :
Name of publisher, distributor, etc Spotlight [distributor],
Date of publication, distribution, etc 2011, c2005.
300 ## - PHYSICAL DESCRIPTION
Extent 102 p. :
Other physical details ill. ;
Dimensions 20 cm.
490 1# - SERIES STATEMENT
Series statement Franny K. Stein, mad scientist ;
Volume number/sequential designation #4
500 ## - GENERAL NOTE
General note Reprint. Originally published: c2005.
520 ## - SUMMARY, ETC.
Summary, etc When her embarrassing middle name is revealed at school, mad scientist Franny K. Stein experiments with time in order to return to the past and give herself a more dignified name.
521 ## - TARGET AUDIENCE NOTE
Target audience note junior fiction
Source midAmerica
650 #1 - SUBJECT ADDED ENTRY--TOPICAL TERM
Topical term or geographic name as entry element Science
General subdivision Experiments
Form subdivision Fiction.
9 (RLIN) 5677386
650 #1 - SUBJECT ADDED ENTRY--TOPICAL TERM
Topical term or geographic name as entry element Time travel
Form subdivision Fiction.
9 (RLIN) 5674119
650 #1 - SUBJECT ADDED ENTRY--TOPICAL TERM
Topical term or geographic name as entry element Names, Personal
Form subdivision Fiction.
9 (RLIN) 5703906
650 #1 - SUBJECT ADDED ENTRY--TOPICAL TERM
Topical term or geographic name as entry element Humorous stories.
9 (RLIN) 5866831
650 #7 - SUBJECT ADDED ENTRY--TOPICAL TERM
Topical term or geographic name as entry element Science
General subdivision Experiments
Form subdivision Fiction.
Source of heading or term sears
9 (RLIN) 5677386
650 #7 - SUBJECT ADDED ENTRY--TOPICAL TERM
Topical term or geographic name as entry element Time travel
Form subdivision Fiction.
Source of heading or term sears
9 (RLIN) 5674119
650 #7 - SUBJECT ADDED ENTRY--TOPICAL TERM
Topical term or geographic name as entry element Personal names
Form subdivision Fiction.
Source of heading or term sears
9 (RLIN) 5866832
650 #0 - SUBJECT ADDED ENTRY--TOPICAL TERM
Topical term or geographic name as entry element Science
General subdivision Experiments
Form subdivision Juvenile fiction.
9 (RLIN) 5693473
650 #0 - SUBJECT ADDED ENTRY--TOPICAL TERM
Topical term or geographic name as entry element Time travel
Form subdivision Juvenile fiction.
9 (RLIN) 5675075
650 #0 - SUBJECT ADDED ENTRY--TOPICAL TERM
Topical term or geographic name as entry element Names, Personal
Form subdivision Juvenile fiction.
9 (RLIN) 5705096
655 #7 - INDEX TERM--GENRE/FORM
Genre/form data or focus term Humorous fiction.
Source of term sears
9 (RLIN) 102662
800 1# - SERIES ADDED ENTRY--PERSONAL NAME
Personal name Benton, Jim.
Title of a work Franny K. Stein, mad scientist ;
Volume/sequential designation #4.
9 (RLIN) 51549
938 ## -
-- Baker and Taylor
-- BTCP
-- BK0009238000
942 ## - ADDED ENTRY ELEMENTS (KOHA)
Koha item type BOOK
948 ## - LOCAL PROCESSING INFORMATION (OCLC); SERIES PART DESIGNATOR (RLIN)
Series part designator, SPT (RLIN) 10/05/2011
z (OCLC) Sirsi
994 ## -
-- 02
-- WACOL
996 ## -
-- 86409
-- 34301001022252
-- J
-- bk
-- wcl
-- i
-- 22
-- 16.95
-- midAmerica
-- Ben
-- 10/14/2011
-- 11/15/2019
-- 11/05/2019
Holdings
Withdrawn status Lost status Source of classification or shelving scheme Damaged status Not for loan Collection code Home library Current library Shelving location Date acquired Cost, normal purchase price Total Checkouts Total Renewals Full call number Barcode Date last seen Date checked out Cost, replacement price Price effective from Koha item type
    Dewey Decimal Classification     Junior Fiction Wasatch County Library Wasatch County Library Main Floor Junior Area 10/14/2011 16.95 32 10 J Benton 34301001022252 02/27/2026 10/15/2025 16.95 03/20/2020 BOOK
This project was made possible through a grant from the Institute of Museum and Library Service administered by the Utah State Library Division.

Wasatch County Library

  • 465 East 1200 South, Heber City, Utah 84032
  • Phone 435-654-1511 | Fax 435-654-6456

Hours

  • Monday - Friday 9:30 AM - 8:00 PM
  • Saturday 9:30 AM - 1:30 PM
  • Closed Sundays and Holidays